LIBRARY & INFORMATION CENTRE, KCAET, TAVANUR

ONLINE PUBLIC ACCESS CATALOGUE (OPAC)

Development and testing of a continuous mixing plant for pot mixture (Record no. 15286)

MARC details
000 -LEADER
fixed length control field 00651nam a22001817a 4500
003 - CONTROL NUMBER IDENTIFIER
control field OSt
088 ## - REPORT NUMBER
Report number P 64
100 ## - MAIN ENTRY--AUTHOR NAME
Personal name ANI S. T
245 ## - TITLE STATEMENT
Title Development and testing of a continuous mixing plant for pot mixture
260 ## - PUBLICATION, DISTRIBUTION, ETC. (IMPRINT)
Place of publication Tavanur 1997
Name of publisher Department of Farm Power Machinery and Energy
300 ## - PHYSICAL DESCRIPTION
Number of Pages 37
500 ## - GENERAL NOTE
General note Development and testing of a continuous mixing plant for pot mixture
520 ## - SUMMARY, ETC.
Summary, etc Development and testing of a continuous mixing plant for pot mixture
700 ## - ADDED ENTRY--PERSONAL NAME
Personal name Er. Joby Bastian (Guide)
856 ## - ELECTRONIC LOCATION AND ACCESS
Uniform Resource Identifier https://drive.google.com/open?id=1goW8Gim91stm68xlQQ6q5zKaNaZ90qUg
942 ## - ADDED ENTRY ELEMENTS (KOHA)
Koha item type Project Report
Holdings
Collection code Home library Current library Shelving location Full call number Accession Number Koha item type
Reference KAUAET KAUAET Reference 631.3 ANI/DE P 64 Project Report
free website counter